000 00541cam a22001931i 4500
001 sa 64003796
003 DLC
005 20260227112020.0
008 830411s1963 io 000 0 ind
010 _asa 64003796
035 _a(OCoLC)9397083
040 _aDLC
_cOAU
_dDLC
042 _apremarc
050 0 0 _aPL5089.A1
_bS45
245 0 0 _aSepasang pendkar djelita ;
_b(Tjeng hiap siang tju) /
_csaduran O. P. A.
260 _aDjakarta :
_bMarga Raya,
_c[cover 1963]
300 _a10 pts. in 2 v. (639 p.) ;
_c16 cm.
700 1 _aA., O. P.
999 _c58128
_d58128